000 00316nam a2200121Ia 4500
008 220204s9999 xx 000 0 und d
082 _a802.0:37
_bGRU
100 _aGrubber, E C
245 0 _aTest of English as a foreign language
260 _aNew York
_bMonarch Press
_c1982
700 _aGrubber, G R
942 _cBK
999 _c37864
_d37864